书目信息 |
| 题名: |
世界电影史
|
|
| 作者: | 萨杜尔 著 ;徐昭 , 胡承伟 译 | |
| 分册: | ||
| 出版信息: | 北京 中国电影出版社 1982 |
|
| 页数: | 844页 | |
| 开本: | 20cm | |
| 丛书名: | ||
| 单 册: | ||
| 中图分类: | I106.3 | |
| 科图分类: | ||
| 主题词: | 戏剧--文学评论--世界 , 戏剧文学--文学研究--世界 | |
| 电子资源: | ||
| ISBN: | ||
| 000 | 00724nam0 2200253 45 | |
| 001 | 0182000025 | |
| 005 | 20060817111313.45 | |
| 010 | @b精装@dCNY4.20 | |
| 091 | @a8061.1430 | |
| 100 | @a19960215d1982 em y0chiy0121 ea | |
| 101 | 1 | @achi@cfre |
| 102 | @aCN@b110000 | |
| 105 | @af z 000yy | |
| 200 | 10 | @a世界电影史@Ashi jie dian ying shi@f(法)萨杜尔(Sadolnl,G.)著@F(Fa)Sa DuEr(Sadolnl,G.)Zhu@g徐昭,胡承伟译 |
| 210 | @a北京@c中国电影出版社@d1982 | |
| 215 | @a844页@c剧照@d20cm | |
| 606 | 0 | @a戏剧@x文学评论@y世界 |
| 606 | 0 | @a戏剧文学@x文学研究@y世界 |
| 690 | @aI106.3@v3 | |
| 701 | 1 | @a萨杜尔@bG.@4著 |
| 702 | 0 | @a徐昭@4译 |
| 702 | 0 | @a胡承伟@4译 |
| 801 | 0 | @aCN@bNLC@c20060817 |
| 905 | @dI106.3@e12@b86034@f1 | |
| 世界电影史/(法)萨杜尔(Sadolnl,G.)著/徐昭,胡承伟译.-北京:中国电影出版社,1982 |
| 844页:剧照;20cm |
| ISBN (精装):CNY4.20 |
| ● |
| 相关链接 |
|
|
|
|
正题名:世界电影史
索取号:I106.3/12
 
预约/预借
| 序号 | 登录号 | 条形码 | 馆藏地/架位号 | 状态 | 备注 |
| 1 | 0086032 | 000217045 | 第二借阅区/ [索取号:I106.3/12] | 在馆 | |
| 2 | 0086033 | 000216974 | 第一样本阅览室/ [索取号:I106.3/12] | 在馆 | |
| 3 | 0086034 | 000802091 | 第二借阅区/ [索取号:I106.3/12] | 在馆 | |
| 4 | 0086035 | 000216983 | 第二借阅区/ [索取号:I106.3/12] | 在馆 | |
| 5 | 0467604 | 204676047 | 密集书库/ [索取号:I106.3/12] | 在馆 | |
| 6 | 0467605 | 204676056 | 密集书库/ [索取号:I106.3/12] | 在馆 |